[Event "ODJM A 2015"]
[Site "Willingen GER"]
[Date "2015.05.28"]
[Round "7"]
[White "Engel, Robert"]
[Black "Teichert, Felix"]
[Result "1/2-1/2"]
[Termination "normal"]
[Board "26"]
[WhiteElo "1718"]
[BlackElo "1804"]
[PlyCount "70"]
[WhiteFideId "12974684"]
[BlackFideId "12987670"]
[EventCountry "GER"]
[EventRounds "9"]
[EventType "swiss"]
[EventDate "2015.05.23"]

1. e4 c5 2. Nf3 d6 3. d4 cxd4 4. Nxd4 Nf6 5. Nc3 a6 6. h3 b5 7. Nd5 e6 8. Nxf6+
Qxf6 9. g3 Bb7 10. Bg2 e5 11. Nb3 Qd8 12. O-O Be7 13. Kh1 O-O 14. f4 Nd7 15. f5
Qc7 16. c3 Nf6 17. Qe2 Rad8 18. g4 d5 19. Nd2 h6 20. exd5 Nxd5 21. Ne4 Nf6 22.
Nxf6+ Bxf6 23. Be3 Bxg2+ 24. Kxg2 Qc4 25. Qxc4 bxc4 26. Rad1 Rb8 27. Rd2 Rfd8
28. Rfd1 Rxb2 29. Rxb2 Rxd1 30. Rd2 Rxd2+ 31. Bxd2 e4 32. Kf2 Kf8 33. Ke3 Bg5+
34. Ke2 Bf6 35. Ke3 Bg5+ 1/2-1/2

[Event "ODJM A 2015"]
[Site "Willingen GER"]
[Date "2015.05.28"]
[Round "7"]
[White "Wastian, Jan"]
[Black "Baumann, Eva"]
[Result "1-0"]
[Termination "normal"]
[Board "27"]
[WhiteElo "1672"]
[BlackElo "1539"]
[PlyCount "69"]
[WhiteFideId "12911640"]
[BlackFideId "12998788"]
[EventCountry "GER"]
[EventRounds "9"]
[EventType "swiss"]
[EventDate "2015.05.23"]

1. e4 e5 2. Nf3 Nc6 3. Bb5 a6 4. Ba4 Nf6 5. d3 d6 6. c4 g6 7. Nc3 Bg7 8. h3 Bd7
9. Be3 O-O 10. O-O Ne7 11. Bxd7 Qxd7 12. d4 exd4 13. Nxd4 Nc6 14. Nde2 Rad8 15.
Qd2 Rfe8 16. Ng3 Qc8 17. Rad1 Ne7 18. Qc1 Nd7 19. f4 Nc6 20. f5 Qa8 21. Bh6 Bh8
22. Qf4 Nce5 23. Kh1 Qa7 24. Nd5 Qc5 25. f6 Nc6 26. Bg5 Nde5 27. Nxc7 Rf8 28.
Bh6 Rfe8 29. Nxe8 Rxe8 30. b3 Rd8 31. Ne2 Qa5 32. Nd4 Nxd4 33. Rxd4 Qxa2 34.
Qxe5 Qa3 35. Qe7 1-0

[Event "ODJM A 2015"]
[Site "Willingen GER"]
[Date "2015.05.28"]
[Round "7"]
[White "Bosse, Lea"]
[Black "Reitz, Philipp"]
[Result "1/2-1/2"]
[Termination "normal"]
[Board "28"]
[WhiteElo "1641"]
[BlackElo "1797"]
[PlyCount "75"]
[WhiteFideId "12900419"]
[BlackFideId "12973297"]
[EventCountry "GER"]
[EventRounds "9"]
[EventType "swiss"]
[EventDate "2015.05.23"]

1. d4 d5 2. Bf4 c5 3. c3 e6 4. e3 Nf6 5. Nd2 Nbd7 6. Bd3 Be7 7. h3 b6 8. Ngf3
Bb7 9. Ne5 Rc8 10. O-O O-O 11. Bh2 c4 12. Bc2 b5 13. a3 a5 14. f4 b4 15. axb4
axb4 16. g4 bxc3 17. bxc3 Nxe5 18. dxe5 Ne4 19. Nxe4 dxe4 20. Qb1 Qd5 21. Rd1
Qc5 22. Kf2 Bh4+ 23. Ke2 Rb8 24. g5 Bd5 25. Qc1 h6 26. gxh6 gxh6 27. Rb1 Kh7
28. Rg1 Qa5 29. Rxb8 Rxb8 30. Qa1 Qxa1 31. Rxa1 Rg8 32. Rg1 Rxg1 33. Bxg1 Bc6
34. Kd2 Kg7 35. Kc1 Be1 36. Kb2 Kf8 37. Bd1 Ke7 38. Bh5 1/2-1/2

[Event "ODJM A 2015"]
[Site "Willingen GER"]
[Date "2015.05.28"]
[Round "7"]
[White "Jacob, Karl"]
[Black "Neumann, Tiemon"]
[Result "1/2-1/2"]
[Termination "normal"]
[Board "29"]
[WhiteElo "1826"]
[BlackElo "1664"]
[PlyCount "41"]
[WhiteFideId "24696684"]
[BlackFideId "12925462"]
[EventCountry "GER"]
[EventRounds "9"]
[EventType "swiss"]
[EventDate "2015.05.23"]

1. Nf3 c5 2. e3 e6 3. d4 Nf6 4. Bd3 d5 5. c3 Nc6 6. Nbd2 Bd6 7. O-O O-O 8. Re1
Qc7 9. Nf1 Bd7 10. Bc2 Rfe8 11. e4 dxe4 12. Bxe4 cxd4 13. Nxd4 Nxd4 14. Qxd4
Rad8 15. Qd1 Bb5 16. Qf3 Nxe4 17. Qxe4 Bxf1 18. Kxf1 Bxh2 19. g3 Bxg3 20. fxg3
Qxg3 21. Qg2 1/2-1/2

[Event "ODJM A 2015"]
[Site "Willingen GER"]
[Date "2015.05.28"]
[Round "7"]
[White "Biefel, Christian"]
[Black "Tham, Minh"]
[Result "1-0"]
[Termination "normal"]
[Board "31"]
[WhiteElo "1769"]
[BlackElo "1600"]
[PlyCount "61"]
[WhiteFideId "24692646"]
[BlackFideId "12997323"]
[EventCountry "GER"]
[EventRounds "9"]
[EventType "swiss"]
[EventDate "2015.05.23"]

1. c4 e6 2. d4 d5 3. Nc3 c5 4. e3 Nf6 5. Nf3 a6 6. Be2 dxc4 7. Bxc4 b5 8. Be2
Bb7 9. O-O Nbd7 10. dxc5 Bxc5 11. Qc2 O-O 12. Rd1 Qe7 13. a3 Rac8 14. b4 Bd6
15. Qb3 Ne4 16. Bb2 Nxc3 17. Bxc3 Nf6 18. Qb2 Rfd8 19. Rac1 Rb8 20. Bd4 Rdc8
21. h3 Rxc1 22. Rxc1 a5 23. Bc5 a4 24. Nd4 e5 25. Nf5 Qe6 26. Nxd6 Ba8 27. Rd1
Nd7 28. Bg4 Qg6 29. Nf5 Kh8 30. Rxd7 Qc6 31. Nh4 1-0

[Event "ODJM A 2015"]
[Site "Willingen GER"]
[Date "2015.05.28"]
[Round "7"]
[White "Hundrieser, Malte"]
[Black "Gröning, Finn Jonathan"]
[Result "0-1"]
[Termination "normal"]
[Board "32"]
[WhiteElo "1659"]
[BlackElo "1824"]
[PlyCount "98"]
[WhiteFideId "12997153"]
[BlackFideId "1271634"]
[EventCountry "GER"]
[EventRounds "9"]
[EventType "swiss"]
[EventDate "2015.05.23"]

1. e4 c6 2. d4 d5 3. Nc3 dxe4 4. Nxe4 Bf5 5. Ng3 Bg6 6. N1e2 e6 7. Nf4 Nf6 8.
h4 Bd6 9. h5 Be4 10. Nxe4 Nxe4 11. c3 Qc7 12. g3 Nd7 13. Bd3 Nef6 14. O-O O-O-O
15. Qa4 Nd5 16. Ne2 Qb8 17. c4 N5f6 18. Be3 Nxh5 19. d5 c5 20. dxe6 fxe6 21. b4
Bxg3 22. fxg3 Nxg3 23. Bf4 Nxe2+ 24. Bxe2 e5 25. Bg3 cxb4 26. Bg4 Qd6 27. Rad1
Qb6+ 28. Bf2 Qg6 29. Qxa7 Qxg4+ 30. Kh2 Nb8 31. Qc5+ Nc6 32. Rd5 Rhf8 33. Rg1
Qh5+ 34. Kg2 Qf5 35. Rgd1 Qf3+ 36. Kg1 Qxd1+ 37. Rxd1 Rxd1+ 38. Kg2 Rf6 39. Qe3
Rg6+ 40. Kf3 Rdd6 41. Ke2 Rdf6 42. Qh3+ Kc7 43. Qxh7 Rg2 44. Qe4 Rgxf2+ 45. Kd1
Rxa2 46. Ke1 Ra1+ 47. Ke2 Nd4+ 48. Kd2 Rf2+ 49. Kd3 Ra3# 0-1

[Event "ODJM A 2015"]
[Site "Willingen GER"]
[Date "2015.05.28"]
[Round "7"]
[White "Brunner, Tobias"]
[Black "Faulhaber, Tobias"]
[Result "1/2-1/2"]
[Termination "normal"]
[Board "33"]
[WhiteElo "1717"]
[BlackElo "1917"]
[PlyCount "45"]
[WhiteFideId "12949833"]
[BlackFideId "1271914"]
[EventCountry "GER"]
[EventRounds "9"]
[EventType "swiss"]
[EventDate "2015.05.23"]

1. e4 e6 2. d4 d5 3. exd5 exd5 4. Bd3 Nc6 5. c3 Bd6 6. Qc2 Nge7 7. Bg5 h6 8.
Be3 Be6 9. Nd2 Qd7 10. Ne2 O-O-O 11. O-O-O g5 12. f3 Rde8 13. Bf2 f5 14. Ng3
Rhf8 15. Rde1 f4 16. Nh5 Nf5 17. Rxe6 Rxe6 18. Bxf5 Rxf5 19. Ng7 Ref6 20. Nxf5
Qxf5 21. Qxf5+ Rxf5 22. h4 Bf8 23. Kc2 1/2-1/2

[Event "ODJM A 2015"]
[Site "Willingen GER"]
[Date "2015.05.28"]
[Round "7"]
[White "Schimnatkowski, Lukas"]
[Black "Glaser, Maximilian"]
[Result "1-0"]
[Termination "normal"]
[Board "34"]
[WhiteElo "1851"]
[BlackElo "1721"]
[PlyCount "91"]
[WhiteFideId "12936723"]
[BlackFideId "12956961"]
[EventCountry "GER"]
[EventRounds "9"]
[EventType "swiss"]
[EventDate "2015.05.23"]

1. Nf3 d5 2. g3 Bf5 3. Bg2 Nf6 4. O-O h6 5. d3 e6 6. Nbd2 Bc5 7. c4 c6 8. Qa4
O-O 9. b4 Bb6 10. Bb2 Nbd7 11. a3 a6 12. Rfe1 Ba7 13. Qb3 Bh7 14. Rad1 Ng4 15.
e3 Qc7 16. Qc3 Ngf6 17. e4 Rac8 18. Re2 Kh8 19. e5 Ng8 20. Rde1 Ne7 21. h4 Nf5
22. Nf1 Nb6 23. g4 Ne7 24. Bc1 Na4 25. Qb3 b5 26. c5 Bxc5 27. d4 Ba7 28. Ng3
Nb6 29. g5 hxg5 30. Nxg5 Nc4 31. Qf3 Ng8 32. Nh5 Qe7 33. Nxg7 Kxg7 34. Nxh7
Kxh7 35. Qh5+ Kg7 36. Re3 Nxe5 37. dxe5 Bxe3 38. Rxe3 Qxh4 39. Qxh4 Ne7 40.
Rg3+ Ng6 41. Qh6+ Kg8 42. Rh3 Rfe8 43. Bg5 Red8 44. Bf6 Rf8 45. Qh8+ Nxh8 46.
Rxh8# 1-0

[Event "ODJM A 2015"]
[Site "Willingen GER"]
[Date "2015.05.28"]
[Round "7"]
[White "Udaykumar, Arunn Mark"]
[Black "Lohrmann, Tabea"]
[Result "1/2-1/2"]
[Termination "normal"]
[Board "35"]
[WhiteElo "1824"]
[BlackElo "1493"]
[PlyCount "68"]
[WhiteFideId "12965456"]
[BlackFideId "12911941"]
[EventCountry "GER"]
[EventRounds "9"]
[EventType "swiss"]
[EventDate "2015.05.23"]

1. e4 e5 2. Nf3 Nc6 3. Nc3 Bc5 4. Nxe5 Nxe5 5. d4 Bd6 6. dxe5 Bxe5 7. Bc4 Nf6
8. O-O O-O 9. Bg5 h6 10. Bh4 Re8 11. f3 c6 12. a4 Qb6+ 13. Kh1 Qxb2 14. Ne2 Qb4
15. Bb3 Bxa1 16. Qxa1 Qe7 17. Nd4 d6 18. Re1 Qe5 19. c3 Nh7 20. Qc1 Be6 21. Bd1
Rac8 22. f4 Qc5 23. f5 Bc4 24. f6 Nxf6 25. Bxf6 gxf6 26. Bg4 Be6 27. Nf5 Bxf5
28. Bxf5 Rcd8 29. Rf1 Qc4 30. Qf4 Kf8 31. Bh7 Re6 32. Bf5 Re5 33. Bh3 Rxe4 34.
Qxf6 Rde8 1/2-1/2

[Event "ODJM A 2015"]
[Site "Willingen GER"]
[Date "2015.05.28"]
[Round "7"]
[White "Kappelmann, Florian"]
[Black "Reck, Jessica"]
[Result "0-1"]
[Termination "normal"]
[Board "36"]
[WhiteElo "1701"]
[BlackElo "1620"]
[PlyCount "60"]
[WhiteFideId "12973165"]
[BlackFideId "12917931"]
[EventCountry "GER"]
[EventRounds "9"]
[EventType "swiss"]
[EventDate "2015.05.23"]

1. d4 Nf6 2. Bf4 g6 3. Nf3 Bg7 4. e3 d6 5. Bc4 O-O 6. c3 Nh5 7. Bg5 Qe8 8. Qc2
Nd7 9. h4 Nb6 10. Bb3 d5 11. e4 Nf6 12. Bxf6 exf6 13. Nbd2 dxe4 14. Nh2 e3 15.
Ndf3 exf2+ 16. Kxf2 Bf5 17. Qd2 Qb5 18. Rae1 Rfe8 19. Qf4 Qc6 20. Bxf7+ Kxf7
21. g4 Re4 22. Rxe4 Qxe4 23. Qxc7+ Bd7 24. Re1 Qc6 25. Qf4 Kg8 26. Nf1 Nd5 27.
Qg3 Bf8 28. Ne3 Bd6 29. Qg2 Nf4 30. Qf1 Re8 0-1

[Event "ODJM A 2015"]
[Site "Willingen GER"]
[Date "2015.05.28"]
[Round "7"]
[White "Meyer, Nico"]
[Black "Wissing, Philipp"]
[Result "1-0"]
[Termination "normal"]
[Board "37"]
[WhiteElo "1447"]
[BlackElo "1558"]
[PlyCount "67"]
[WhiteFideId "12975257"]
[BlackFideId "12993654"]
[EventCountry "GER"]
[EventRounds "9"]
[EventType "swiss"]
[EventDate "2015.05.23"]

1. e4 c5 2. Nf3 d6 3. Bb5+ Bd7 4. Bxd7+ Nxd7 5. c3 g6 6. O-O Bg7 7. d3 Ngf6 8.
Ng5 O-O 9. f4 Qb6 10. c4 Rac8 11. Nc3 a6 12. Rb1 Nb8 13. e5 dxe5 14. fxe5 Nfd7
15. Nd5 Qd8 16. e6 Ne5 17. exf7+ Nxf7 18. Ne6 Qd6 19. Nxf8 Rxf8 20. Bf4 Bd4+
21. Kh1 e5 22. Be3 Nc6 23. Rf6 Qd8 24. Bxd4 exd4 25. Qg4 Nce5 26. Qg3 Kg7 27.
Rbf1 Nd7 28. R6f4 Nde5 29. Nf6 Qd6 30. Ne4 Qe7 31. h4 h6 32. Rf6 h5 33. Ng5 Ng4
34. Rxf7+ 1-0

[Event "ODJM A 2015"]
[Site "Willingen GER"]
[Date "2015.05.28"]
[Round "7"]
[White "Sauer, Annika"]
[Black "Kornitzky, Tino"]
[Result "1/2-1/2"]
[Termination "normal"]
[Board "38"]
[WhiteElo "1646"]
[BlackElo "1622"]
[PlyCount "42"]
[WhiteFideId "12952052"]
[BlackFideId "12970379"]
[EventCountry "GER"]
[EventRounds "9"]
[EventType "swiss"]
[EventDate "2015.05.23"]

1. d4 d5 2. Nf3 Nf6 3. e3 c5 4. b3 Nc6 5. Bb2 Bg4 6. Be2 e6 7. Nbd2 Qb6 8. O-O
Be7 9. c4 Rc8 10. cxd5 exd5 11. dxc5 Qxc5 12. Nd4 Bxe2 13. Qxe2 O-O 14. Rac1
Nxd4 15. exd4 Qd6 16. Qe5 Nd7 17. Qxd6 Bxd6 18. Rxc8 Rxc8 19. Rc1 Re8 20. g3
Re2 21. Bc3 Nf6 1/2-1/2

[Event "ODJM A 2015"]
[Site "Willingen GER"]
[Date "2015.05.28"]
[Round "7"]
[White "Ehmann, Johanna"]
[Black "Sinnhöfer, Jonas"]
[Result "1-0"]
[Termination "normal"]
[Board "39"]
[WhiteElo "1671"]
[BlackElo "1671"]
[PlyCount "81"]
[WhiteFideId "12953130"]
[BlackFideId "12982938"]
[EventCountry "GER"]
[EventRounds "9"]
[EventType "swiss"]
[EventDate "2015.05.23"]

1. e4 Nf6 2. e5 Nd5 3. Nc3 Nxc3 4. dxc3 d6 5. exd6 exd6 6. Nf3 Be7 7. Bf4 Nc6
8. Qd2 Bd7 9. O-O-O O-O 10. Kb1 Bf5 11. Nd4 Bg6 12. g3 Qd7 13. h4 Nxd4 14. cxd4
h6 15. f3 a5 16. g4 h5 17. gxh5 Bxh5 18. Qg2 Qe6 19. Bd3 Bf6 20. d5 Qd7 21.
Rhg1 Kh8 22. Bg5 Qd8 23. Bf5 Bxg5 24. hxg5 g6 25. Rh1 Kg7 26. Rdg1 Rh8 27. Bg4
Qe8 28. Bxh5 Rxh5 29. Rxh5 gxh5 30. Rh1 Qe7 31. f4 Rh8 32. f5 Qe5 33. g6 f6 34.
Qf3 h4 35. a3 Qg3 36. Qe4 Qe5 37. Rxh4 Rc8 38. Rh7+ Kg8 39. Qh4 Kf8 40. Rh8+
Ke7 41. Qh7# 1-0

[Event "ODJM A 2015"]
[Site "Willingen GER"]
[Date "2015.05.28"]
[Round "7"]
[White "Leddin, Mathias"]
[Black "Stockter, Jasper Enno"]
[Result "1/2-1/2"]
[Termination "normal"]
[Board "40"]
[WhiteElo "1649"]
[BlackElo "1484"]
[PlyCount "84"]
[WhiteFideId "4654684"]
[BlackFideId "12957291"]
[EventCountry "GER"]
[EventRounds "9"]
[EventType "swiss"]
[EventDate "2015.05.23"]

1. e4 e6 2. d4 d5 3. exd5 exd5 4. Nf3 Bd6 5. Bd3 Ne7 6. Nc3 c6 7. Ne2 Qc7 8.
Ng3 Nd7 9. c3 Nf6 10. Bg5 Bg4 11. Bxf6 gxf6 12. Be2 O-O-O 13. Nd2 Bxe2 14. Qxe2
Rde8 15. O-O-O Ng6 16. Qg4+ Kb8 17. Nf5 Qd7 18. Ne3 Qxg4 19. Nxg4 Re6 20. Rde1
Rhe8 21. Rxe6 Rxe6 22. g3 Kc7 23. Kd1 Kd7 24. f4 f5 25. Ne5+ Bxe5 26. fxe5 f6
27. Nb3 b6 28. Rf1 fxe5 29. Rxf5 e4 30. Nd2 Kd6 31. c4 e3 32. cxd5 cxd5 33. Nf3
Ne7 34. Rf7 h6 35. Ke2 Nc6 36. a3 a6 37. Rb7 b5 38. Rg7 Ne7 39. g4 Ng6 40. Rf7
a5 41. h4 b4 42. g5 h5 1/2-1/2

[Event "ODJM A 2015"]
[Site "Willingen GER"]
[Date "2015.05.28"]
[Round "7"]
[White "Leimbach, Tim Vincent"]
[Black "Schulz, Theresa Charlotte"]
[Result "1/2-1/2"]
[Termination "normal"]
[Board "41"]
[WhiteElo "1699"]
[BlackElo "1611"]
[PlyCount "41"]
[WhiteFideId "12988600"]
[BlackFideId "12952206"]
[EventCountry "GER"]
[EventRounds "9"]
[EventType "swiss"]
[EventDate "2015.05.23"]

1. e4 c6 2. Nc3 d5 3. exd5 cxd5 4. d4 Bf5 5. Nf3 e6 6. Bf4 Nc6 7. Be2 Nf6 8.
Ne5 Be7 9. O-O O-O 10. a3 Qb6 11. Nxc6 bxc6 12. Rb1 Qa5 13. h3 c5 14. dxc5 Qxc5
15. Be3 Qc7 16. g4 Bg6 17. f4 h6 18. Qe1 Bc5 19. Bf2 Ne4 20. Nxe4 Bxe4 21. Rc1
1/2-1/2